Les pays frontaliers avec la France dans le monde - Statistiques

Statistiques générales
  • Ce quiz a été pris 147 fois
    122 depuis la dernière actualisation
  • Le résultat moyen est 24 sur 37
Statistiques - réponses
METROPOLE PAYS % Correct
France Allemagne
98%
France Italie
98%
France Espagne
96%
France Belgique
95%
France Suisse
95%
France Luxembourg
93%
France Andorre
90%
France Monaco
89%
Guyane Brésil
86%
France Royaume-Uni
82%
Guadeloupe et Saint-Martin * Royaume-Uni
82%
Polynésie française * Royaume-Uni
82%
Nouvelle-Calédonie * Australie
72%
Kerguelen * Australie
72%
Saint-Barthélémy et Saint-Martin Pays-Bas
71%
Réunion, Tromelin, iles éparses, Mayotte et Glorieuses * Madagascar
66%
Guyane Suriname
64%
Saint-Pierre-et-Miquelon * Canada
63%
Polynésie française ret Wallis-et-Futuna * Nouvelle-Zélande
63%
Tromelin et Réunion * Maurice
55%
Nouvelle-Calédonie et Wallis-et-Futuna * Fidji
54%
Glorieuses et Mayotte * Comores
52%
Wallis-et-Futuna * Samoa
49%
Wallis-et-Futuna * Tonga
48%
Guadeloupe et Martinique * Barbade
47%
Nouvelle-Calédonie * Vanuatu
47%
Glorieuses, Mayotte et iles éparses * Seychelles
46%
Wallis-et-Futuna * Tuvalu
46%
Martinique * Dominique
44%
Guadeloupe * Dominique
44%
Polynésie française * Kiribati
44%
Martinique * Sainte-Lucie
44%
Saint-Barthélémy * Saint-Christophe-et-Niévès
42%
Nouvelle-Calédonie * Salomon
41%
Saint-Barthélémy et Guadeloupe * Antigua-et-Barbuda
40%
Guadeloupe et Martinique * Venezuela
38%
Iles éparses Mozambique
33%
Aucun quiz correspondant
Distribution des résultats
% des personnes avec chaque résultat
Percentile par nombre de réponses
Votre historique - résultats
Vous n’avez pas pris ce quiz depuis la dernière actualisation